Statistics for Dogs

Click here to take the quiz!

General Stats

  • This quiz has been taken 12 times
    (11 since last reset)
  • The average score is 3 of 5

Answer Stats

HintAnswer% Correct
A extremely small dog and shares a name with a Mexican stateChihuahua
88%
A small dog translated badger hound in GermanDachshund
88%
A fluffy dog that’s all i know lolPoodle
50%
A Japanese dog that looks like a roasted marshmallow when oldShiba
50%
A famous dog who grabs each other’s legs and is red, white, and black furGerman Sheperd
13%

Score Distribution

Percentile by Number Answered

Percent of People with Each Score

Your Score History

You have not taken this quiz since the last reset